|
|
|
|
| LEADER |
01346nam a2200241 a 4500 |
| 001 |
4482172 |
| 008 |
091219s1995 nyu b i000 0 eng d |
| 010 |
|
|
|a 96194083
|
| 020 |
|
|
|a 0912917334
|
| 040 |
|
|
|a DJBF
|c DJBF
|d IU
|d DLC
|d BD-DhAAL
|
| 082 |
|
|
|a 305.42/091724
|2 21
|
| 245 |
0 |
0 |
|a Putting gender on the agenda :
|b a guide to participating in UN world conferences.
|
| 260 |
|
|
|a New York :
|b United Nations Development Fund for Women ;
|a Geneva ;
|a New York :
|b United Nations Non-Governmental Liaison Service,
|c c1995.
|
| 300 |
|
|
|a xii, 51 p. ;
|c 21 cm.
|
| 541 |
1 |
|
|e 00007529
|
| 650 |
|
0 |
|a Women in development
|x Congresses
|x Attendance
|x Handbooks, manuals, etc.
|
| 650 |
|
0 |
|a Congresses and conventions
|x Attendance
|x Handbooks, manuals, etc.
|
| 710 |
2 |
|
|a United Nations Development Fund for Women.
|
| 710 |
2 |
|
|a United Nations Non-Governmental Liaison Service.
|
| 852 |
4 |
|
|a Ayesha Abed Library
|j General shelf
|
| 999 |
|
|
|c 6204
|d 6204
|
| 952 |
|
|
|0 0
|1 0
|2 ddc
|4 0
|6 305_420917240000000_PUT_1995
|7 0
|9 6227
|a BRACUL
|b BRACUL
|c GEN
|d 2009-12-20
|g 0.00
|l 0
|o 305.42091724 PUT
|p 3010007529
|r 2009-12-20
|t 1
|w 2009-12-20
|y BK
|x No price found in the accession register.
|
| 952 |
|
|
|0 0
|1 0
|2 ddc
|4 0
|6 305_420917240000000_PUT_1995
|7 0
|9 6228
|a BRACUL
|b BRACUL
|c GEN
|d 2009-12-20
|g 0.00
|l 0
|o 305.42091724 PUT
|p 3010007530
|r 2009-12-20
|t 2
|w 2009-12-20
|y BK
|x No price found in the accession register.
|